| 000 | 00448nam a2200157Ia 4500 | ||
|---|---|---|---|
| 003 | GCL | ||
| 008 | 140319s9999 xx 000 0 ara d | ||
| 040 |
_aGCL / _cGCL |
||
| 082 | 0 | 4 |
_aد _b050 |
| 100 | 1 | _aمحمد حسين الدالى | |
| 245 | 1 | 0 |
_aعملاق الادب توفيق الحكيم (اقرا 545 ) / _cمحمد حسين الدالى |
| 300 | _a128 | ||
| 490 |
_aاقرأ _v0 |
||
| 650 | 0 | 4 | _aتوفيق الحكيم |
| 942 |
_2ddc _cBK |
||
| 999 |
_c48806 _d48806 |
||